书目信息 |
| 题名: |
演剧、仪式与信仰
|
|
| 作者: | 李跃忠 编 | |
| 分册: | ||
| 出版信息: | 北京 中国书籍出版社 2017 |
|
| 页数: | 320页 | |
| 开本: | 24cm | |
| 丛书名: | 中国书籍·学术之星文库 | |
| 单 册: | ||
| 中图分类: | J805.2 | |
| 科图分类: | ||
| 主题词: | 中国戏剧--戏剧评论 | |
| 电子资源: | ||
| ISBN: | 978-7-5068-5750-5 | |
| 000 | 01180oam2 2200265 450 | |
| 001 | 3533 | |
| 005 | 20180527164253.37 | |
| 010 | @a978-7-5068-5750-5@b精装@dCNY78.00 | |
| 100 | @a20170328d2017 em y0chiy50 ea | |
| 101 | 0 | @achi |
| 102 | @aCN@b110000 | |
| 105 | @ay z 000yy | |
| 200 | 1 | @a演剧、仪式与信仰@9yan ju、yi shi yu xin yang@e中国传统开场吉祥戏剧本选校@f李跃忠编 |
| 210 | @a北京@c中国书籍出版社@d2017 | |
| 215 | @a320页@d24cm | |
| 225 | 1 | @a中国书籍·学术之星文库 |
| 300 | @a湖南省教育厅开放基金项目《清宫廷“承应开场戏”研究》、全国高等院校古籍整理研究工作委员会项目《清宫廷“承应开场戏”剧本整理与研究》之阶段性成果 湖南科技大学 湖南省汉语方言与文化科技融合研究基地 湖南科技大学 中国古代文学与社会文化研究基地 | |
| 330 | @a本书是对中国传统例戏的研究,集作者多年的调查整理资料并进行剖析和探讨,总结例戏的文化起源演变和发展,提供有价值的研究资料。 | |
| 461 | 0 | @12001 @a中国书籍·学术之星文库 |
| 517 | 1 | @a中国传统开场吉祥戏剧本选校@9zhong guo chuan tong kai chang ji xiang xi ju ben xuan jiao |
| 606 | 0 | @a中国戏剧@x戏剧评论 |
| 690 | @aJ805.2@v5 | |
| 701 | 0 | @a李跃忠@9li yue zhong@4编 |
| 801 | 0 | @aCN@b91MARC@c20170328 |
| 905 | @aMuseLib@dJ805.2@e113 | |
| 演剧、仪式与信仰:中国传统开场吉祥戏剧本选校/李跃忠编.-北京:中国书籍出版社,2017 |
| 320页;24cm.-(中国书籍·学术之星文库) |
| 湖南省教育厅开放基金项目《清宫廷“承应开场戏”研究》、全国高等院校古籍整理研究工作委员会项目《清宫廷“承应开场戏”剧本整理与研究》之阶段性成果 湖南科技大学 湖南省汉语方言与文化科技融合研究基地 湖南科技大学 中国古代文学与社会文化研究基地 |
| ISBN 978-7-5068-5750-5(精装):CNY78.00 |
| 本书是对中国传统例戏的研究,集作者多年的调查整理资料并进行剖析和探讨,总结例戏的文化起源演变和发展,提供有价值的研究资料。 |
| ● |
| 相关链接 |
|
|
|
|
正题名:演剧、仪式与信仰
索取号:J805.2/113
 
预约/预借
| 序号 | 登录号 | 条形码 | 馆藏地/架位号 | 状态 | 备注 |
| 1 | 1109580 | 211095802 | 第一样本阅览室/ [索取号:J805.2/113] | 在馆 | |
| 2 | 1109581 | 211095811 | 教育系资料室/ [索取号:J805.2/113] | 在馆 | |
| 3 | 1109582 | 211095820 | 教育系资料室/ [索取号:J805.2/113] | 在馆 | |
| 4 | 1109583 | 211095839 | 第一借阅区/ [索取号:J805.2/113] | 在馆 |